| 000 | 01018nam0a22003011 4500 | ||
|---|---|---|---|
| 001 | rc\3521844 | ||
| 005 | 20250610031513.0 | ||
| 021 |
_aRU _b[71-58399] |
||
| 035 | _a(NLR Aleph) 007661796 | ||
| 090 |
_a6339575 _c6339575 |
||
| 100 | _a20130115d1971 |||y0rusy50 ca | ||
| 101 | 0 | _arus | |
| 102 | _aRU | ||
| 105 | _ay z ||||| | ||
| 200 | 1 |
_aБеседы об Уставе колхоза _e[Сборник] |
|
| 210 |
_aМосква _cСов. Россия _d1971 |
||
| 215 |
_a270 с. _d17 |
||
| 300 | _aНа обороте тит. л. сост.: Н.Г. Копанев, Ю.Х. Юсупов, А.И. Якуничев | ||
| 604 | _150010$aПримерный Устав колхоза | ||
| 606 |
_aКолхозы _jУстав _2psbo |
||
| 702 | 1 |
_aЮсупов _bЮ.Х. _4220 |
|
| 702 | 1 |
_aЯкуничев _bА.И. _4220 |
|
| 702 | 1 |
_aКопанев _bН.Г. _gНиколай Георгиевич _4220 |
|
| 801 | 0 |
_aRU _bNLR _gpsbo |
|
| 801 | 1 |
_aRU _bELAR _2rusmarc |
|
| 852 |
_aNLR _j71-2/1511 |
||
| 942 | _cBOOK | ||
| 980 | _aNB | ||